Statistiques concernant Quiz sur l'Ille-et-Vilaine

Cliquez ici pour prendre le quiz!

Statistiques générales

  • Ce quiz a été pris 2 139 fois
  • Le résultat moyen est 13 sur 20

Statistiques - réponses

QuestionRéponse% Correct
Région dans laquelle il se situeBretagne
99%
Préfecture et ville la plus peupléeRennes
98%
Mer qui borde le départementManche
97%
Numéro du département35
96%
Deuxième plus grande ville et principal port du départementSaint-Malo
93%
Quotidien le plus acheté en France, édité dans la préfectureOuest-France
78%
Mollusques qui font la renommée de la commune de CancaleHuîtres
77%
Course à la voile qui relie celle-ci à la GuadeloupeRoute du Rhum
75%
Département qui sépare cette commune du reste de l'Ille-et-VilaineCôtes-d'Armor
74%
Sous-préfecture connue pour son château fort et son beffroiFougères
61%
Navigateur qui a exploré et nommé le CanadaJacques Cartier
60%
Invention bretillienne qui concurrençait Internet dans les années 90Minitel
59%
Station balnéaire réputée de la Côte d'Émeraude, qui clame
avoir été fondée par le Roi Arthur en 513 selon la légende
Dinard
58%
Écrivain romantique de la contre-révolution qui offre un témoignage
historique majeur dans son autobiographie Mémoires d'outre-tombe
François-René de
{Chateaubriand}
57%
Chanteur ayant grandi dans la préfecture qui a notamment signé
Lucie, Fan, Mourir demain ou bien encore Tombé pour elle
Pascal Obispo
53%
Sous-préfecture limitrophe du Morbihan et de la Loire-AtlantiqueRedon
51%
Ancienne sous-préfecture commençant par V, dans laquelle
on peut notamment trouver la Vilaine et l'étang de la Valière
Vitré
42%
Famille noble originaire de Cesson qui compte parmi ses
membres la célèbre marquise épistolière du XVIIème siècle
de Sévigné
37%
Illustre corsaire et armateur des époques révolutionnaire et
napoléonienne qui est une figure emblématique de cette ville
Robert Surcouf
34%
Langue d'oïl traditionnellement parlée dans le départementGallo
32%

Distribution des résultats

Percentile par nombre de réponses

% des personnes avec chaque résultat

Votre développement - résultats

Vous n’avez pas pris ce quiz